| 000 | 01137nam a2200337 c 4500 | ||
|---|---|---|---|
| 001 | 19215 | ||
| 003 | ES-MaCES | ||
| 005 | 20150929123753.0 | ||
| 008 | 060814s2006 sp d t 000 | spa d | ||
| 017 |
_aM 16873-2006 _bDL |
||
| 020 | _a8495863642 | ||
| 035 | _aCES20060010832m | ||
| 040 |
_aES-MaCES _bspa _cES-MaCES |
||
| 100 | 1 |
_aGarcía de la Roja, Cecilio _912846 |
|
| 245 | 1 | 3 |
_aEl contrato de trabajo en las hosteleria _b: encuadramiento y peculiaridades _cCecilio García de la Roja ; prólogo, Antonio V. Sempere Navarro |
| 260 |
_a[Murcia] _bLaborum _c[2006] |
||
| 300 |
_a375 p. _bgráf. bl. y n. _c24 cm |
||
| 504 | _aBibliografía: p. 279-289 | ||
| 541 | _cCompra | ||
| 650 | 4 |
_aindustria hotelera _931747 |
|
| 650 | 4 |
_acontrato de trabajo _928316 |
|
| 650 | 4 |
_aEspaña _926964 |
|
| 650 | 4 |
_arégimen jurídico _929894 |
|
| 653 | 1 | 0 | _aRelaciones laborales-Empleo |
| 650 | 4 |
_928369 _arelaciones laborales |
|
| 650 | 4 |
_928435 _atrabajador hotelero |
|
| 700 | 1 |
_aSempere Navarro, Antonio Vicente _ecol. _923834 |
|
| 902 | _aLIB Libro | ||
| 942 |
_2CES _cBK _h2.0. |
||
| 999 |
_c19215 _d19215 |
||